Living prophecies; (Record no. 544)

MARC details
000 -LEADER
fixed length control field 01058cam a2200289I 4500
001 - CONTROL NUMBER
control field 85168
003 - CONTROL NUMBER IDENTIFIER
control field GBCCL
005 - DATE AND TIME OF LATEST TRANSACTION
control field 20241126110340.0
008 - FIXED-LENGTH DATA ELEMENTS--GENERAL INFORMATION
fixed length control field 800625s1965 ilu 000 0 eng
010 ## -
-- 65004360
035 ## - SYSTEM CONTROL NUMBER
System control number (OCoLC)06458794
040 ## - CATALOGING SOURCE
Original cataloging agency DLC
Transcribing agency CCT
Modifying agency OCL
049 ## -
-- LBBK
050 ## -
-- BS1560.A3
-- T3
082 ## - DEWEY DECIMAL CLASSIFICATION NUMBER
Classification number 224.9
Item number TAY
090 ## - LOCALLY ASSIGNED LC-TYPE CALL NUMBER (OCLC); LOCAL CALL NUMBER (RLIN)
Classification number (OCLC) (R) ; Classification number, CALL (RLIN) (NR) BS1560.A3
Local cutter number (OCLC) ; Book number/undivided call number, CALL (RLIN) T3
100 ## - MAIN ENTRY--PERSONAL NAME
9 (RLIN) 368
Personal name Taylor, Kenneth Nathaniel.
130 0# -
-- Bible.
-- O.T.
-- Minor Prophets.
-- English.
-- Paraphrases.
-- 1965.
-- Taylor.
245 10 - TITLE STATEMENT
Title Living prophecies;
Remainder of title the Minor prophets paraphrased with Daniel and the Revelation.
260 ## - PUBLICATION, DISTRIBUTION, ETC.
Place of publication, distribution, etc. [Wheaton, Ill.,
Name of publisher, distributor, etc. Tyndale House,
Date of publication, distribution, etc. 1965]
300 ## - PHYSICAL DESCRIPTION
Extent 232 p.
Dimensions 18 cm.
500 ## - GENERAL NOTE
General note Prepared by Kenneth N. Taylor with the assistance of Harry Hoffner, Berkeley Mickelsen, and Warren Harbeck. Cf. Dust jacket.
700 1# - ADDED ENTRY--PERSONAL NAME
Personal name Taylor, Kenneth Nathaniel.
730 0# -
-- Bible.
-- O.T.
-- Daniel.
-- English.
-- Paraphrases.
-- 1965.
-- Taylor.
730 0# -
-- Bible.
-- N.T.
-- Revelation.
-- English.
-- Paraphrases.
-- 1965.
-- Taylor.
942 ## - ADDED ENTRY ELEMENTS (KOHA)
Source of classification or shelving scheme Dewey Decimal Classification
Koha item type Books
Koha issues (borrowed), all copies 15
Holdings
Withdrawn status Lost status Source of classification or shelving scheme Damaged status Not for loan Home library Current Library Shelving location Date acquired Total checkouts Full call number Barcode Date last seen Date last checked out Copy number Price effective from Koha item type Total renewals
    Dewey Decimal Classification     GRACE BIBLE COLLEGE GRACE BIBLE COLLEGE Biblical Studies 2016-11-17 5 224.9 TAY 000055 2025-05-01 2025-02-03 c.1 2016-11-17 Books  
    Dewey Decimal Classification     GRACE BIBLE COLLEGE GRACE BIBLE COLLEGE Biblical Studies 2018-07-30 3 224.9 TAY 000056 2025-05-01 2023-08-25 c.2 2018-07-30 Books  
    Dewey Decimal Classification     GRACE BIBLE COLLEGE GRACE BIBLE COLLEGE Biblical Studies 2018-09-10 3 224.9 TAY 003680 2025-05-01 2024-02-05 c.3 2018-09-10 Books 1
    Dewey Decimal Classification     GRACE BIBLE COLLEGE GRACE BIBLE COLLEGE Biblical Studies 2021-10-08 5 224.9 TAY 004605 2025-05-01 2025-02-05 c.4 2021-10-08 Books  
    Dewey Decimal Classification     GRACE BIBLE COLLEGE GRACE BIBLE COLLEGE Biblical Studies 2022-04-26   224.9 TAY 015518 2025-05-01   c.5 2022-04-26 Books  
    Dewey Decimal Classification     GRACE BIBLE COLLEGE GRACE BIBLE COLLEGE Biblical Studies 2022-04-26 1 224.9 TAY 015519 2025-05-01 2024-02-02 c.6 2022-04-26 Books  
© Grace Bible College Library 2025